=LDR 00000nam 2200000 4500 =001 INLIS000000000014349 =005 20210624105424 =035 ##$$a 0010-061300000014349 =008 210624################g##########0#ind## =041 ##$$a Ind =082 ##$$a 346.017 8 =090 ##$$a 346.1, Soi h =100 1#$$a Soimin, Soedharyo =245 1#$$a Himpunan dasar hukum pengangkatan anak /$c Soedharyo Soimin =260 ##$$a Jakarta :$b Sinar Grafika,$c 2004 =300 ##$$a viii, 266 hlm ; $c 21x14 cm =650 #4$$a Adopsi, Hukum =850 ##$$a NBPNMAT =020 ##$$a 979-8767-51-9 =084 ##$$a 346.017 8 SOI h =250 ##$$a cet.1 =990 ##$$a 30501274 =990 ##$$a 30501275 =990 ##$$a 30501276 =990 ##$$a 30501277 =990 ##$$a 20610408 =990 ##$$a 30709284 =990 ##$$a 30709285 =990 ##$$a 30709286 =990 ##$$a 30709287 =990 ##$$a 20801663 =990 ##$$a 20801664 =990 ##$$a 20801665 =990 ##$$a 20801666 =990 ##$$a 20610411